000 00975aab a2200193 i 4500
001 768714001
003 CO-MdFUSB
005 20240422145359.0
008 221108s1998 ag ||||| |||| 00| 0 spa d
040 _bspa
_cCO-MdFUSB
_dCO-MdFUSB
041 _aspa
100 1 _aEscobar, Samuel (1934-)
_eautor
245 1 3 _aLa comunidad como escuela de formación integral
_c/ Samuel Escobar
300 _aVolumen 17, número 1 (enero - marzo, 1998), páginas: 11 - 12
_c; 27 cm
520 _aCuando nos organizamos en 1955, escogimos nuestro nombre de manera muy consciente. Círculo porque queríamos evitar una estructura jerarquica y porque cada cual aportaba algo importante. Bíblico porque el aprecio por la Palabra de Dios era la nota común y la Biblia era clave en nuestra misión, como norma y como mensaje.
653 _aComunidad
773 0 _tIglesia y Misión
_049402
_959635
_gVolumen 17, número 1 (enero - marzo, 1998), páginas: 11-12
_qPáginas: 11
942 _cANA
999 _c52278
_d52278